000 00847nam a2200217Ia 4500
003 Ost
005 20260507075046.0
008 260507s9999||||xx |||||||||||||| ||und||
040 _cfsecg
041 _aara
082 _a600
100 _aالمليجي، فؤاد السيد
_eمؤلف
245 0 _aالمحاسبة القومية /
_c فؤاد السيد المليجي
260 _aالإسكندرية:
_bمطبعة الإشعاع الفنية,
_c2002
300 _a238 صفحة؛
_bإيضاحات ؛
_c24 سم
520 _aأسس ومفاهيم الدخل القومي-نظم الحسابات القومية-دراسة تحليلية للهيكل المالي للإنتاج في المجتمع
653 _aالدخل القومي
653 _aالمحاسبة
653 _aالمحاسبة القومية
942 _cكتاب
999 _c42570
_d42570